|
|
|
|
| LEADER |
00000nab a2200000 ar4500 |
| 001 |
vtls009342146 |
| 003 |
SK-MaSNL |
| 005 |
20260303055627.0 |
| 008 |
081003c2007 xo |r||||||||||00 b|slo |
| 015 |
|
|
|a SNBRA2008/10
|2 snkbucl
|
| 038 |
|
|
|a SNKBUCL
|
| 040 |
|
|
|a SNKBUCL
|b slo
|e AACR2
|c SNKBUCL
|
| 041 |
0 |
|
|a slo
|
| 044 |
|
|
|a xo
|c SK
|
| 080 |
|
|
|a 551.44-051
|2 2001
|
| 080 |
|
|
|a 55-051
|2 2001
|
| 080 |
|
|
|a 929 Novotný, Ladislav
|2 2001
|
| 100 |
1 |
|
|a Lalkovič, Marcel,
|d 1944-2016
|4 aut
|9 216382
|
| 245 |
1 |
0 |
|a K sedemdesiatinám Ladislava Novotného
|c Marcel Lalkovič
|
| 300 |
|
|
|b Fotogr.
|
| 600 |
1 |
7 |
|a Novotný, Ladislav,
|d 1937-
|2 snkbucl
|9 41597
|
| 655 |
|
7 |
|a profily
|2 snkbucl
|9 341977
|
| 773 |
0 |
|
|t Slovenský kras XLV
|d Liptovský Mikuláš : Slovenské múzeum ochrany prírody a jaskyniarstva ; Správa slovenských jaskýň, 2007
|g S. 231-232
|x 0560-3137
|z 9788088924623
|
| 852 |
|
|
|a SNK
|b KIS3GCP
|
| 958 |
|
|
|a BX
|
| 999 |
|
|
|c 1728186
|d 1730116
|